Espagne - Joueurs emblématiques - Statistiques

Statistiques générales
  • Ce quiz a été pris 254 fois
  • Le résultat moyen est 17 sur 30
Statistiques - réponses
Indices Joueur % Correct
Unique buteur de la finale de la Coupe du Monde 2010, joueur espnol le plus titré de l'histoire avec 37 trophées, 2ème du ballon d'or 2010 Andres Iniesta
97%
Joueur le plus capé du FC Barcelone, vainqueur de 8 championnats d'Espagne et 4 Ligues des Champions, 3ème du ballon d'or 2009, 2010 et 2011 Xavi Hernandez
94%
Défenseur central ayant pris 22 cartons rouges en carrière, capitaine du Real Madrid depuis 2015, joueur le plus capé de la sélection Sergio Ramos
93%
Avant-centre doté d'un très bon sens du but, rare joueur à avoir gagné la Coupe du Monde, l'Euro, la Ligue des Champions et la Ligue Europa, 3ème du ballon d'or 2008 Fernando Torres
86%
Défenseur ayant réalisé un sextuplé historique avec le FC Barcelone en 2009 : Ligue des Champions, championnat, Coupe du Roi, Supercoupe d'Europe, Supercoupe d'Espagne, Coupe du Monde des clubs, actuel compagnon de la chanteuse Shakira Gerard Piqué
86%
Gardien le plus capé de la sélection, 2ème joueur le plus capé du Real Madrid, 4ème du ballon d'or 2008 Iker Casillas
86%
Meilleur buteur de la sélection, vainqueur de la Coupe du Monde 2010 où il termine meilleur buteur, vainqueur de la Ligue des Champions 2011 David Villa
85%
Défenseur central ayant joué toute sa carrière au FC Barcelone ce qui en fait le 4ème joueur le plus capé, vainqueur du doublé Euro-Coupe du Monde en 2008-2010, vainqueur de 3 Ligues des Champions Carles Puyol
83%
Joueur le plus capé et 2ème meilleur buteur du Real Madrid, 2ème meilleur buteur de la sélection, 3ème meilleur buteur de l'histoire de la Ligue des Champions, 2ème du ballon d'or 2001 Raúl Gonzalez
82%
Milieu défensif formé au FC Barcelone réputé pour sa lecture du jeu, joueur ayant réussi le plus de passes dans les 5 grands championnats en 2009-2019, vainqueur de du doublé Coupe du Monde-Euro en 2010-2012 Sergio Busquets
82%
Capitaine du FC Barcelone de 1997 à 2001, vainqueur de 14 titres en 4 ans au FC Barcelone en tant qu'entraîneur, actuel coach de Manchester City, Pep Guardiola
78%
Latéral gauche très rapide comptant plus de 300 matchs pour le FC Barcelone, vainqueur de l'Euro 2012 avec un but inscrit en finale, vainqueur de la Ligue des Champions 2015 Jordi Alba
72%
4ème meilleur buteur de la sélection, plus de 400 matchs avec Manchester City, vainqueur de la Coupe du Monde 2010 David Silva
65%
Attaquant précieux par son sens du collectif évoluant actuellement à Chelsea, vainqueur de 3 Ligues des Champions avec le FC Barcelone et de la Ligue Europa 2019 avec Chelsea Pedro
64%
Joueur comptant 200 matchs pour le Real Madrid et 300 pour le FC Barcelone, vainqueur de la Ligue des Champions 2015 en tant qu'entraîneur, actuel sélectionneur de l'équipe nationale Luis Enrique
61%
Défenseur central réputé pour marquer très souvent avec 100 buts pour le Real Madrid et 29 pour la sélection ce qui en fait le 5ème meilleur buteur, vainqueur de la Ligue des Champions 1998, 2000 et 2002 Fernando Hierro
57%
Ballon d'or 1957 et 1959, 3ème meilleur buteur de l'histoire du Real Madrid Alfredo Di Stéfano
53%
Auteur du but égalisateur lors de la finale historique de la Ligue des Champions 2004 qu'il remporte, très bon tireur de pénaltys, vainqueur des Euro 2008 et 2012 et de la Coupe du Monde 2010 Xabi Alonso
53%
Attaquant technique passé par l'AS Monaco et l'OM, meilleur buteur de la Ligue des Champions 2004, vainqueur de 3 Ligues des Champions avec le Real Madrid Fernando Morientes
47%
Attaquant sunromné "El Buitre", auteur d'un quadruplé lors de la Coupe du Monde 1986, 6 fois champion d'Espagne avec le Real Madrid Emilio Butragueño
45%
Attaquant comptant 46 buts en 51 matchs pour le Real Madrid entre 1910 et 1927, acteur de la réorganisation du club après la seconde guerre mondiale, son nom est actuellement associé à celui du stade du Real Madrid Santiago Bernabéu
40%
Milieu gauche très complet auteur de 130 buts pour le FC Barcelone et de 180 pour l'Inter Milan, ballon d'or 1960, sélectionneur de l'Espagne de 1988 à 1991 Luis Suárez
32%
Gardien le plus capé de la Real Sociedad, tristement célèbre pour son erreur face à la France lors de l'Euro 1984 sur un coup franc de Michel Platini, champion d'Espagne 1981 et 1982 Luis Arconada
25%
Recordman du nombre de Ligue des Champions remportées avec 6 titres, vainqueur de 12 championnats d'Espagne avec le Real Madrid, 600 matchs pour le Real Madrid Francisco Gento
23%
Capitaine historique de Valence avec plus de 300 matchs, milieu de terrain réputé pour son volume de jeu important, finaliste des Ligues des Champions 2000 et 2001 avec Valence Gaizka Mendieta
22%
Gardien de but comptant plus de 800 matchs en clubs et 126 sélections, finaliste de la Ligue des Champions 1994 avec le FC Barcelone, élu joueur espagnol de l'année en 1987 Andoni Zubizarreta
20%
Joueur ayant marqué à 123 reprises pour l'Athlético Madrid, surtout célèbre pour sa carrière d'entraîneur avec 8 clubs espagnols différents entrainés, au coeur d'un scandale raciste en 2004 après avoir insulté Thierry Henry Luis Aragonés
17%
Rare joueur à avoir remporté une Ligue des Champions en ayant un père l'ayant lui-même remportée auparavant, 2ème joueur le plus titré du Real Madrid, vainqueur des Ligues des Champions 1998 et 2000 Manolo Sanchís
11%
4ème joueur le plus capé du Real Madrid, attaquant réputé pour son jeu de tête, finaliste de l'Euro 1984 Carlos Santillana
6%
Meilleur buteur de l'Athletic Bilbao, 20 buts en autant de sélections en équipe nationale, 6 fois meilleur buteur de Liga entre 1945 et 1953 Telmo Zarra
6%
Aucun quiz correspondant
Distribution des résultats
% des personnes avec chaque résultat
Percentile par nombre de réponses
Votre historique - résultats
Vous n’avez pas pris ce quiz